Top 10 Non-English Languages Spoken in Arizona - Statistics

General Stats
  • This quiz has been taken 289 times
  • The average score is 7 of 10
Answer Stats
Hint Answer % Correct
20.80 Spanish
100%
0.26 French
87%
0.39 Chinese
84%
0.39 German
83%
1.48 Navajo
76%
0.17 Korean
71%
0.24 Arabic
68%
0.30 Vietnamese
61%
0.33 Tagalog
59%
0.18 Apache
38%
No matching quizzes found
Score Distribution
Percent of People with Each Score
Percentile by Number Answered
Your Score History
You have not taken this quiz